| 000 | 00759cam a22002533a 4500 | ||
|---|---|---|---|
| 001 | 30634 | ||
| 003 | PGUSA | ||
| 005 | 20140828083649.0 | ||
| 008 | 091209s2009||||xxu|||||s|||||000 | eng d | ||
| 040 |
_aPGUSA _beng |
||
| 042 | _adc | ||
| 050 | 4 | _aDG | |
| 100 | 1 |
_aVaughan, Herbert M. _q(Herbert Millingchamp), _d1870-1948 |
|
| 245 | 1 | 4 |
_aThe Naples Riviera _h[electronic resource] / _cHerbert M. Vaughan |
| 260 |
_bProject Gutenberg, _c2009 |
||
| 506 | _aPublic domain in the USA. | ||
| 516 | _aElectronic text | ||
| 653 | _aItaly -- Description and travel | ||
| 653 | _aNaples, Bay of (Italy) | ||
| 700 | 1 |
_aGreiffenhagen, Maurice, _d1862-1931 |
|
| 830 | 0 |
_aProject Gutenberg _v30634 |
|
| 856 | 4 | 0 | _uhttp://www.gutenberg.org/ebooks/30634 |
| 942 | _cEB | ||
| 999 |
_c259889 _d259889 |
||